North Macedonia in the Eurovision Song Contest - Statistics

General Stats
  • This quiz has been taken 21 times
  • The average score is 10 of 21
Answer Stats
Answer % Correct
Dona (Дона)
94%
Proud
94%
Dance Alone
88%
Circles
81%
Crno i belo (Црно и бело)
81%
Autumn Leaves
75%
Lost and Found
75%
Here I Stand
63%
To The Sky
63%
Ninanajna (Нинанајна)
44%
100% te ljubam (100% те љубам)
38%
Jas ja imam silata (Јас ја имам силата)
38%
Life
31%
Mojot svet (Мојот свет)
31%
Rusinka (Русинкa)
31%
Let Me Love You
25%
Pred da se razdeni (Пред да се раздени)
25%
Make My Day
19%
Od nas zavisi (Од нас зависи)
19%
Nešto što kje ostane (Нешто што ќе остане)
13%
Ne zori, zoro (Не зори, зоро)
13%
No matching quizzes found
Score Distribution
Percent of People with Each Score
Percentile by Number Answered
Your Score History
You have not taken this quiz